000 01066nam a22003497a 4500
003 CHAP
005 20220329133215.0
008 971013s1989 r 00010 d
010 _a3379
011 _a4351
035 _a3553
040 _cCHAP
082 _a636.0803
_bD52 1989
245 _aDiccionario de zootecnia
250 _a2 ed.
260 _aMéxico, D. F. :
_bTrillas,
_c1989
300 _a225 p
500 _aD49-195
590 _aBATCH-UPD
_b10
_c20130110
_lUCH01
_h0133
590 _aBATCH-UPD
_b10
_c20130110
_lUCH01
_h2129
590 _aBATCH-UPD
_b10
_c20130409
_lUCH01
_h2129
590 _aBATCH-UPD
_b10
_c20130410
_lUCH01
_h1439
590 _aBATCH-UPD
_b10
_c20130914
_lUCH01
_h0845
590 _aCONVERSION
_b10
_c20130109
_lUCH01
_h1303
650 1 4 _aGanadería
_xDiccionarios.
_944684
650 1 4 _aVeterinaria
_xDiccionarios.
_9118993
700 0 _aCarmona Medero, Juan Rubén.
_919034
700 0 _aOteiza Fernández, José.
_984310
901 _aBK
942 _cLIBRO
949 _a636.0803 D52 1989
_bBC
_cC
_d33724000616595
_eC
_h79593
_i3553
_si
999 _c3379
_d3379